[Event "ZL-2015-0-01722"]
[Site "LSS email"]
[Date "2015.08.16"]
[Round "?"]
[White "Lenz, Juergen"]
[Black "Petrov, Matvei"]
[Result "0-1"]
[WhiteElo "1184"]
[BlackElo "1353"]
[PlyCount "58"]
[EventDate "2015.08.11"]
[EventType "match (corr)"]
[EventRounds "2"]
[EventCountry "GER"]
[SourceTitle "Corr 2022"]
[Source "ChessBase"]
[SourceDate "2021.10.24"]
[SourceVersion "1"]
[SourceVersionDate "2021.10.24"]
[SourceQuality "1"]

1. d4 f5 2. Nc3 Nf6 3. Bg5 e6 4. e4 fxe4 5. Nxe4 Be7 6. Bxf6 Bxf6 7. Nf3 0-0 8. Bd3 Be7 9. h4 h6 10. Qd2 d5 11. Neg5 hxg5 12. hxg5 Rxf3 13. gxf3 Bxg5 14. Bh7+ Kf7 15. f4 Bh6 16. Qe2 Qf6 17. Rg1 Nc6 18. c3 Qxf4 19. Bg6+ Kg8 20. Bc2 Bd7 21. Rg4 Qf7 22. Qd3 e5 23. Qh7+ Kf8 24. Rg2 exd4 25. Bg6 Qf3 26. Rg3 Qh1+ 27. Ke2 d3+ 28. Kxd3 Ne5+ 29. Kd4 Qh4+ 0-1

[Event "ZL-2015-0-01722"]
[Site "LSS email"]
[Date "2015.08.16"]
[Round "?"]
[White "Petrov, Matvei"]
[Black "Lenz, Juergen"]
[Result "1-0"]
[WhiteElo "1353"]
[BlackElo "1184"]
[PlyCount "63"]
[EventDate "2015.08.11"]
[EventType "match (corr)"]
[EventRounds "2"]
[EventCountry "GER"]
[SourceTitle "Corr 2022"]
[Source "ChessBase"]
[SourceDate "2021.10.24"]
[SourceVersion "1"]
[SourceVersionDate "2021.10.24"]
[SourceQuality "1"]

1. e4 Nf6 2. e5 Nd5 3. d4 d6 4. Nf3 Nc6 5. c4 Nb6 6. exd6 exd6 7. Be2 Be7 8. 0-0 0-0 9. h3 Bf5 10. Nc3 Bf6 11. Be3 Re8 12. Rc1 h6 13. b3 Qd7 14. Nh2 Ne7 15. Ng4 Bxg4 16. Bxg4 Qd8 17. Qf3 Ng6 18. Qxb7 Bg5 19. Bxg5 Qxg5 20. Qxc7 Nf4 21. g3 Ne6 22. Bxe6 Rxe6 23. Rce1 Rae8 24. Rxe6 Rxe6 25. Qxa7 d5 26. Qb8+ Kh7 27. c5 Nd7 28. Qf4 Qh5 29. Qg4 Qxg4 30. hxg4 Nf6 31. a4 Nxg4 32. Nxd5 1-0

[Event "ZN-2015-0-03117"]
[Site "LSS email"]
[Date "2015.07.21"]
[Round "?"]
[White "Lauer, Frederic"]
[Black "Petrov, Matvei"]
[Result "0-1"]
[WhiteElo "1020"]
[BlackElo "800"]
[PlyCount "52"]
[EventDate "2015.07.16"]
[EventType "match (corr)"]
[EventRounds "2"]
[EventCountry "GER"]
[SourceTitle "Corr 2022"]
[Source "ChessBase"]
[SourceDate "2021.10.24"]
[SourceVersion "1"]
[SourceVersionDate "2021.10.24"]
[SourceQuality "1"]

1. Nf3 f5 2. b3 Nf6 3. Bb2 e6 4. Nc3 d5 5. e3 Be7 6. h3 0-0 7. Be2 c5 8. d4 a6 9. 0-0 Nc6 10. dxc5 Bxc5 11. Qd2 b5 12. a3 Ra7 13. b4 Be7 14. Nd4 Rc7 15. Rfd1 Bd6 16. f4 h6 17. Bf3 Nxd4 18. exd4 g5 19. fxg5 hxg5 20. Qxg5+ Rg7 21. Qd2 Ne4 22. Bxe4 fxe4 23. Rf1 Rf3 24. Rxf3 exf3 25. g4 Qh4 26. Nd1 Qxh3 0-1

[Event "ZN-2015-0-03113"]
[Site "LSS email"]
[Date "2015.07.17"]
[Round "?"]
[White "Petrov, Matvei"]
[Black "Simmons, Ernest"]
[Result "1-0"]
[WhiteElo "800"]
[BlackElo "820"]
[PlyCount "37"]
[EventDate "2015.07.07"]
[EventType "match (corr)"]
[EventRounds "2"]
[EventCountry "GER"]
[SourceTitle "Corr 2022"]
[Source "ChessBase"]
[SourceDate "2021.10.24"]
[SourceVersion "1"]
[SourceVersionDate "2021.10.24"]
[SourceQuality "1"]

1. e4 e6 2. f4 d5 3. e5 Nc6 4. d4 Be7 5. Nf3 Nh6 6. Be2 Nf5 7. 0-0 0-0 8. c3 Bd7 9. g4 Nh4 10. Nxh4 Bxh4 11. Bd3 Be7 12. Be3 a6 13. Nd2 b5 14. Qf3 b4 15. Qh3 g6 16. f5 bxc3 17. f6 cxd2 18. Qh6 Bb4 19. Qg7# 1-0

[Event "SN-2015-0-00689"]
[Site "LSS email"]
[Date "2015.07.12"]
[Round "?"]
[White "Petrov, Matvei"]
[Black "Bearce, Harold L"]
[Result "1-0"]
[WhiteElo "800"]
[BlackElo "417"]
[PlyCount "31"]
[EventDate "2015.06.27"]
[EventType "tourn (corr)"]
[EventRounds "6"]
[EventCountry "GER"]
[SourceTitle "Corr 2022"]
[Source "ChessBase"]
[SourceDate "2021.10.24"]
[SourceVersion "1"]
[SourceVersionDate "2021.10.24"]
[SourceQuality "1"]

1. e4 c6 2. d4 d5 3. e5 Bf5 4. h4 h5 5. c4 e6 6. Nc3 Ne7 7. Nge2 Nd7 8. Ng3 Bh7 9. b4 Nb6 10. c5 Nd7 11. Nxh5 Bg6 12. Nf4 Bf5 13. g4 Bh7 14. b5 cxb5 15. Nxb5 Qc8 16. Nd6+ 1-0

[Event "OP-2015-0-03766"]
[Site "LSS email"]
[Date "2015.07.12"]
[Round "?"]
[White "Petrov, Matvei"]
[Black "Ederer, Karel"]
[Result "1-0"]
[WhiteElo "800"]
[BlackElo "1950"]
[PlyCount "43"]
[EventDate "2015.07.06"]
[EventType "tourn (corr)"]
[EventRounds "4"]
[EventCountry "GER"]
[SourceTitle "Corr 2022"]
[Source "ChessBase"]
[SourceDate "2021.10.24"]
[SourceVersion "1"]
[SourceVersionDate "2021.10.24"]
[SourceQuality "1"]

1. e4 c5 2. Nf3 d6 3. d4 cxd4 4. Nxd4 Nf6 5. Nc3 e6 6. Be3 a6 7. f3 Be7 8. Qd2 0-0 9. g4 b5 10. a3 Nfd7 11. 0-0-0 Bb7 12. h4 Nc6 13. g5 Nxd4 14. Bxd4 Rb8 15. Kb1 Ba8 16. Rh3 Qc7 17. f4 e5 18. Be3 Rfc8 19. fxe5 Nxe5 20. Bd4 b4 21. Nd5 Bxd5 22. exd5 1-0